Financial report.

Bibliographic Details
Corporate Author: University of Texas System
Format: Serial
Language:English
Published: [Austin?] [publisher not identified] ;
Subjects:

MARC

Tag First Indicator Second Indicator Subfields
LEADER 00000cas a2200000 4500
001 in00000620522
005 20260617192550.3
008 750806c19uu9999txuar s0 a0eng d
035 |a (OCoLC)01517333 
035 |9 ACS6843AM 
040 |a FUL  |c FUL  |d TXA  |d UtOrBLW 
049 |a TXAE 
090 |a LB2342  |b .U5 
110 2 |a University of Texas System. 
245 1 0 |a Financial report. 
246 3 |a Financial report - The University of Texas System 
264 1 |a [Austin?]  |b [publisher not identified] ; 
300 |a volumes :  |b illustrations ;  |c 28 cm. 
336 |a text  |b txt  |2 rdacontent 
337 |a unmediated  |b n  |2 rdamedia 
338 |a volume  |b nc  |2 rdacarrier 
362 0 |a l9 - 
515 |a Report year ends August 31. 
650 0 |a Universities and colleges  |x Finance. 
650 0 |a Finance  |v Statistics. 
999 |a MARS 
999 f f |s 6e1f6d5b-e150-3f6b-9775-7eaabd501fd3  |i 103cd341-d512-3b77-9e75-82b7631d1b5c  |t 0 
952 f f |p ric  |a Texas A&M University  |b Rellis Campus  |c Joint Library Facility  |s JLF  |d Remote Storage  |t 0  |e LB2342 .U5  |h Library of Congress classification  |i unmediated -- volume  |l 1979  |m A14851337338 
952 f f |p ric  |a Texas A&M University  |b Rellis Campus  |c Joint Library Facility  |s JLF  |d Remote Storage  |t 0  |e LB2342 .U5  |h Library of Congress classification  |i unmediated -- volume  |l 1983  |m A14808025302 
952 f f |p ric  |a Texas A&M University  |b Rellis Campus  |c Joint Library Facility  |s JLF  |d Remote Storage  |t 0  |e LB2342 .U5  |h Library of Congress classification  |i unmediated -- volume  |l 1990  |m A14814713955 
952 f f |p ric  |a Texas A&M University  |b Rellis Campus  |c Joint Library Facility  |s JLF  |d Remote Storage  |t 0  |e LB2342 .U5  |h Library of Congress classification  |i unmediated -- volume  |l 1985  |m A14809391099 
952 f f |p ric  |a Texas A&M University  |b Rellis Campus  |c Joint Library Facility  |s JLF  |d Remote Storage  |t 0  |e LB2342 .U5  |h Library of Congress classification  |i unmediated -- volume  |l 1984  |m A14808413220 
952 f f |p ric  |a Texas A&M University  |b Rellis Campus  |c Joint Library Facility  |s JLF  |d Remote Storage  |t 0  |e LB2342 .U5  |h Library of Congress classification  |i unmediated -- volume  |l 1981  |m A14851337353 
952 f f |p ric  |a Texas A&M University  |b Rellis Campus  |c Joint Library Facility  |s JLF  |d Remote Storage  |t 0  |e LB2342 .U5  |h Library of Congress classification  |i unmediated -- volume  |l 1988  |m A14811268587 
952 f f |p ric  |a Texas A&M University  |b Rellis Campus  |c Joint Library Facility  |s JLF  |d Remote Storage  |t 0  |e LB2342 .U5  |h Library of Congress classification  |i unmediated -- volume  |l 1989  |m A14812233137 
952 f f |p ric  |a Texas A&M University  |b Rellis Campus  |c Joint Library Facility  |s JLF  |d Remote Storage  |t 0  |e LB2342 .U5  |h Library of Congress classification  |i unmediated -- volume  |l 1991  |m A14815415788 
952 f f |p ric  |a Texas A&M University  |b Rellis Campus  |c Joint Library Facility  |s JLF  |d Remote Storage  |t 0  |e LB2342 .U5  |h Library of Congress classification  |i unmediated -- volume  |l 1982  |m A14807740852 
952 f f |p ric  |a Texas A&M University  |b Rellis Campus  |c Joint Library Facility  |s JLF  |d Remote Storage  |t 0  |e LB2342 .U5  |h Library of Congress classification  |i unmediated -- volume  |l 1980  |m A14851337346 
952 f f |p ric  |a Texas A&M University  |b Rellis Campus  |c Joint Library Facility  |s JLF  |d Remote Storage  |t 0  |e LB2342 .U5  |h Library of Congress classification  |i unmediated -- volume  |l 1992  |m A14835795360 
998 f f |a LB2342 .U5  |s 1974-1992  |t 0  |l Remote Storage